000
00313nam a2200109Ia 4500
008
210107s9999 xx 000 0 und d
100
_a
Ghosh, A K
245
0
_a
Status of Environment in West Bengal : A Citizen's Report
260
_a
Kolkata
_b
Society for Environment & Develiopment
300
_a
the
942
_c
BK
999
_c
11487
_d
11487